000 00960nam a2200193Ii 4500
003 JO-AjNU
008 230605s9999||||xx |||||||||||||| ||und||
040 _aJO-AjNU
_bara
_erda
_cJO-AjNU
041 _aara
050 1 4 _aQA76.9 2015
100 3 _aاعداد محمود احمد سليمان طبنجة، وفاء محمود ابراهيم الصمادي؛ اشراف غازي الشقاح,
_eauthor
_958317
245 0 0 _aقاعدة بيانات جزئية في اعراب جمل اللغة العربية
264 3 1 _aعجلون: جامعة عجلون الوطنيه، 2015
300 _a55ص
_bمشروع تخرج جامعة عجلون الوطنيه ( عجلون ، الاردن) كلية تكنولوجيا المعلومات ، 2015
336 _atext
_btxt
_2rdacontent
337 _aunmediated
_bn
_2rdamedia
338 _avolume
_bnc
_2rdacarrier
650 4 _aقاعدة بيانلت - اعراب حمل اللغة العربية - تقرير
_958318
999 _aA26182
_c29750
_d29750